=LDR 00000nam 2200000 4500 =001 INLIS000000000002234 =005 20130612090605 =008 ***********************************Ind** =035 ##$$0010-061300000002234 =041 ##$$a Ind =082 ##$$a 813 =090 ##$$a 813, ah k =100 ##$$a Rahardi, F =245 ##$$a Kentrung itelile, kumpulan cerpen manusia singkong, F. Rahardi =260 ##$$a 1993 $b Jakarta =650 ##$$a Cerita pendek-Indonesia =850 ##$$a NBPNMAT